| 000 | 00328nam a2200109Ia 4500 | ||
|---|---|---|---|
| 008 | 171211s9999 xx 000 0 und d | ||
| 245 | _aManga: The Ultimate Guide to Mastering Digital Painting Techniques | ||
| 245 | _cImagineFX | ||
| 260 | _c1963 | ||
| 650 | _xDrawing | ||
| 856 | _uhttp://down.ebook777.com/001/978-1843405788.pdf | ||
| 999 |
_c348056 _d348056 |
||